[Event "SVK-chT5 SE-SI 1920"]
[Site "Slovakia"]
[Date "2019.10.19"]
[Round "1.5"]
[White "Otepka, Peter"]
[Black "Hyza, Michal"]
[Result "1-0"]
[WhiteElo "1022"]
[BlackElo "1000"]
[PlyCount "81"]
[EventDate "2019.10.19"]
[EventType "team-tourn"]
[EventRounds "14"]
[EventCountry "SVK"]
[SourceTitle "CBM 193 Extra"]
[Source "ChessBase"]
[SourceDate "2020.01.31"]
[SourceVersion "1"]
[SourceVersionDate "2020.01.31"]
[SourceQuality "1"]
[WhiteTeam "Senica CVC III"]
[BlackTeam "Gbely Nafta IV"]
[WhiteTeamCountry "SVK"]
[BlackTeamCountry "SVK"]

1. e4 e5 2. Nf3 Nc6 3. Bc4 Nf6 4. Nc3 Bc5 5. d3 0-0 6. 0-0 d6 7. Bg5 d5 8. exd5 Nb4 9. Re1 Be7 10. Bxf6 Bxf6 11. d4 exd4 12. Nxd4 c5 13. Nb3 Bf5 14. Nd2 Nxc2 15. Re2 Nxa1 16. Qxa1 Bxc3 17. bxc3 Qg5 18. Nf3 Qg6 19. h3 Rfe8 20. Qe1 Rxe2 21. Qxe2 Be4 22. Bb5 Bxd5 23. Be8 Be4 24. Bb5 a6 25. Nh4 Qf6 26. Bd3 Re8 27. Nf3 Bxd3 28. Qxd3 c4 29. Qd2 a5 30. a4 Qc6 31. Qa2 Qc7 32. Qd2 Rd8 33. Qe2 b5 34. axb5 a4 35. g3 Qd7 36. Kg2 a3 37. Qe1 a2 38. Ne5 Qa7 39. Qa1 Rd1 40. Qxd1 a1Q 41. Qd8# 1-0

[Event "SVK-chT5 SE-SI 1819"]
[Site "Slovakia"]
[Date "2019.03.09"]
[Round "9.5"]
[White "Kafka, Ludovit"]
[Black "Otepka, Peter"]
[Result "1-0"]
[WhiteElo "1000"]
[BlackElo "1050"]
[PlyCount "117"]
[EventDate "2018.10.20"]
[EventType "team-tourn"]
[EventRounds "10"]
[EventCountry "SVK"]
[SourceTitle "EXT 2020"]
[Source "ChessBase"]
[SourceDate "2019.10.17"]
[SourceVersion "1"]
[SourceVersionDate "2019.10.17"]
[SourceQuality "1"]
[WhiteTeam "Borsky Mikulas"]
[BlackTeam "Senica CVC III"]
[WhiteTeamCountry "SVK"]
[BlackTeamCountry "SVK"]

1. Nc3 Nf6 2. Nf3 Nc6 3. e4 e5 4. d3 Bb4 5. Bg5 d6 6. a3 Bc5 7. Nd5 Bg4 8. c3 h6 9. Bh4 g5 10. Bg3 Nxd5 11. exd5 Ne7 12. h3 Bf5 13. c4 e4 14. Nd2 exd3 15. Qa4+ c6 16. 0-0-0 Qb6 17. Qb3 cxd5 18. cxd5 Qc7 19. Nc4 a6 20. f4 b5 21. Nd2 Bd4+ 22. Kb1 Rc8 23. Bxd3 Bxd3+ 24. Qxd3 Bf6 25. Ne4 Bg7 26. Rc1 Qb7 27. h4 gxh4 28. Bxh4 0-0 29. Bxe7 Rfe8 30. Nxd6 Qxe7 31. Nxc8 Qd7 32. Nb6 Qd6 33. Nc8 Qxf4 34. Nd6 Qxd6 35. Rce1 Rxe1+ 36. Rxe1 Qh2 37. d6 Qxg2 38. Re2 Qg1+ 39. Kc2 Qc5+ 40. Kd2 Qg5+ 41. Re3 Bxb2 42. d7 Bf6 43. Ke2 Qg2+ 44. Kd1 h5 45. d8R+ Bxd8 46. Qxd8+ Kg7 47. Qd4+ Kh7 48. Re7 Qf1+ 49. Kc2 a5 50. Qe4+ Kh6 51. Qc6+ Kg5 52. Qd5+ Kh4 53. Re4+ Kh3 54. Qxh5+ Kg3 55. Qh4+ Kg2 56. Rg4+ Kf3 57. Qg3+ Ke2 58. Qd3+ Ke1 59. Qd2# 1-0

[Event "SVK-ch U08"]
[Site "Liptovsky Mikulas"]
[Date "2016.04.22"]
[Round "8"]
[White "Otepka, Peter"]
[Black "Boba, Kristian"]
[Result "1-0"]
[WhiteElo "1000"]
[BlackElo "1000"]
[PlyCount "59"]
[EventDate "2016.04.16"]
[EventType "swiss"]
[EventRounds "9"]
[EventCountry "SVK"]
[SourceTitle "CBM 172 Extra"]
[Source "ChessBase"]
[SourceDate "2016.06.21"]
[SourceVersion "1"]
[SourceVersionDate "2016.06.21"]
[SourceQuality "1"]

1. e4 e5 2. Nf3 Nc6 3. Bc4 Be7 4. 0-0 d6 5. d3 Bf6 6. Nc3 h6 7. Be3 Nge7 8. d4 Bd7 9. d5 Nb4 10. a3 Na6 11. Rb1 c6 12. b4 Nc7 13. dxc6 bxc6 14. Qd3 Bg4 15. b5 Bxf3 16. gxf3 0-0 17. Kh1 cxb5 18. Nxb5 Nxb5 19. Bxb5 Nc8 20. Rg1 Kh7 21. Qf1 Ne7 22. Qh3 h5 23. Qxh5+ Kg8 24. Bh6 Ng6 25. Rg2 Qe7 26. Rbg1 Rfd8 27. Bc4 gxh6 28. Qxh6 Rdc8 29. Rxg6+ Bg7 30. Qxg7# 1-0

[Event "SVK-ch U08"]
[Site "Liptovsky Mikulas"]
[Date "2016.04.20"]
[Round "6"]
[White "Otepka, Peter"]
[Black "Polomsky, Tomas"]
[Result "0-1"]
[WhiteElo "1000"]
[BlackElo "1000"]
[PlyCount "40"]
[EventDate "2016.04.16"]
[EventType "swiss"]
[EventRounds "9"]
[EventCountry "SVK"]
[SourceTitle "CBM 172 Extra"]
[Source "ChessBase"]
[SourceDate "2016.06.21"]
[SourceVersion "1"]
[SourceVersionDate "2016.06.21"]
[SourceQuality "1"]

1. e4 c5 2. d4 cxd4 3. Qxd4 Nc6 4. Qd1 g6 5. Nf3 Bg7 6. Bb5 e5 7. Bg5 Qa5+ 8. Nc3 f6 9. Bh4 Qb4 10. b3 Qxc3+ 11. Nd2 Bh6 12. Bxf6 Nxf6 13. Bc4 Bxd2+ 14. Qxd2 Qxa1+ 15. Qd1 Qxa2 16. Kf1 Nxe4 17. Qe1 Nd6 18. Be2 Qxc2 19. b4 b5 20. f3 Qb2 0-1

[Event "SVK-ch U08"]
[Site "Liptovsky Mikulas"]
[Date "2016.04.18"]
[Round "4"]
[White "Kozel, David"]
[Black "Otepka, Peter"]
[Result "0-1"]
[WhiteElo "1000"]
[BlackElo "1000"]
[PlyCount "172"]
[EventDate "2016.04.16"]
[EventType "swiss"]
[EventRounds "9"]
[EventCountry "SVK"]
[SourceTitle "CBM 172 Extra"]
[Source "ChessBase"]
[SourceDate "2016.06.21"]
[SourceVersion "1"]
[SourceVersionDate "2016.06.21"]
[SourceQuality "1"]

1. e4 e5 2. Nf3 d6 3. Bc4 Nf6 4. Ng5 Be6 5. Bb5+ Nc6 6. Nc3 Be7 7. Nd5 0-0 8. Nxf6+ Bxf6 9. Nxh7 Kxh7 10. Qh5+ Kg8 11. 0-0 g6 12. Qh6 Bg7 13. Qe3 Qh4 14. d4 exd4 15. Qd2 Ne5 16. Qf4 Qxf4 17. Bxf4 c6 18. Ba4 b5 19. Bb3 Bxb3 20. axb3 c5 21. b4 cxb4 22. Rad1 d3 23. cxd3 Rad8 24. d4 Ng4 25. e5 d5 26. Bg5 Rd7 27. f3 Nh6 28. Bxh6 Bxh6 29. f4 g5 30. Rf3 f6 31. Rh3 Rh7 32. Re1 gxf4 33. e6 Re8 34. Rh4 a5 35. g3 fxg3 36. hxg3 a4 37. Rg4+ Kh8 38. b3 axb3 39. Rb1 Rxe6 40. Rxb3 f5 41. Rh4 Be3+ 42. Kg2 Rxh4 43. gxh4 Rg6+ 44. Kf3 Bd2 45. Ke2 Bh6 46. Rxb4 Re6+ 47. Kf3 Rb6 48. Rb2 b4 49. Ke2 b3 50. Kd3 f4 51. Ke2 Ra6 52. Rxb3 Ra2+ 53. Kf3 Rd2 54. Rb8+ Kh7 55. Rb7+ Kg6 56. Rb6+ Kh7 57. Rd6 Rxd4 58. Kg4 Rd3 59. Kh5 Bg7 60. Rd7 f3 61. Rf7 d4 62. Rf5 Re3 63. Kg4 d3 64. Rxf3 Rxf3 65. Kxf3 d2 66. Ke2 Bc3 67. Kd1 Bb4 68. Kc2 Bc3 69. Kd1 Kg6 70. Ke2 Kh5 71. Kd1 Kxh4 72. Kc2 Kg3 73. Kd1 Kf2 74. Kc2 Ke2 75. Kxc3 d1Q 76. Kb4 Qc2 77. Kb5 Qc3 78. Ka4 Qc5 79. Kb3 Qd4 80. Ka3 Qc4 81. Kb2 Kd2 82. Ka3 Kd3 83. Kb2 Qc3+ 84. Ka2 Qb4 85. Ka1 Kc2 86. Ka2 Qb2# 0-1

[Event "SVK-ch U08"]
[Site "Liptovsky Mikulas"]
[Date "2016.04.16"]
[Round "1"]
[White "Kusy, Adam"]
[Black "Otepka, Peter"]
[Result "1-0"]
[WhiteElo "1069"]
[BlackElo "1000"]
[PlyCount "77"]
[EventDate "2016.04.16"]
[EventType "swiss"]
[EventRounds "9"]
[EventCountry "SVK"]
[SourceTitle "CBM 172 Extra"]
[Source "ChessBase"]
[SourceDate "2016.06.21"]
[SourceVersion "1"]
[SourceVersionDate "2016.06.21"]
[SourceQuality "1"]

1. e4 e5 2. Nf3 d6 3. Bc4 Nf6 4. d3 c6 5. c3 d5 6. exd5 cxd5 7. Bb5+ Nc6 8. d4 exd4 9. Qe2+ Be7 10. Nxd4 Bd7 11. Bxc6 bxc6 12. 0-0 c5 13. Nf3 Bg4 14. Qe3 c4 15. Re1 Be6 16. Nbd2 Rc8 17. b3 Bc5 18. Qe5 Bd6 19. Qe2 Kf8 20. h3 cxb3 21. axb3 Rxc3 22. Rb1 Rc2 23. Rb2 Rxb2 24. Bxb2 Bb4 25. Ng5 Bd7 26. Bd4 a5 27. Qe5 Bxd2 28. Bc5+ Kg8 29. Be7 Qe8 30. Re2 Bb4 31. Bxb4 Qxe5 32. Rxe5 axb4 33. Re7 Bc6 34. Nf3 Kf8 35. Rc7 Bb5 36. Nd4 Bd7 37. Rb7 Bc6 38. Nxc6 Ne4 39. Rb8# 1-0

[Event "SVK-chT5 1516"]
[Site "Slovakia"]
[Date "2016.02.20"]
[Round "7.5"]
[White "Otepka, Peter"]
[Black "Matula, Tomas"]
[Result "1-0"]
[WhiteElo "1000"]
[BlackElo "1000"]
[PlyCount "65"]
[EventDate "2015.10.24"]
[EventType "team-tourn"]
[EventRounds "9"]
[EventCountry "SVK"]
[SourceTitle "EXT 2017"]
[Source "ChessBase"]
[SourceDate "2016.10.25"]
[SourceVersion "1"]
[SourceVersionDate "2016.10.25"]
[SourceQuality "1"]
[WhiteTeam "Senica Intechess"]
[BlackTeam "Holic III"]
[WhiteTeamCountry "SVK"]
[BlackTeamCountry "SVK"]

1. d4 d5 2. Nc3 Nc6 3. Bf4 Bf5 4. f3 Nf6 5. e4 dxe4 6. fxe4 Nxe4 7. Nb5 e6 8. Bxc7 Qd5 9. a4 a6 10. c4 Qd7 11. Nf3 f6 12. h3 h5 13. g4 hxg4 14. Ng1 gxh3 15. Nxh3 Bxh3 16. Bxh3 axb5 17. cxb5 Nb4 18. Rc1 Na2 19. Rc2 Ng5 20. Bg2 Rxh1+ 21. Bxh1 Bb4+ 22. Kf1 Rxa4 23. Bxb7 e5 24. Bc6 Qxc6 25. Rxc6 Ra7 26. dxe5 fxe5 27. Qd5 Nf7 28. Re6+ Kf8 29. Bd6+ Nxd6 30. Rxe5 Ra5 31. Qc6 g6 32. Qd7 Nc4 33. Re8# 1-0

[Event "SVK-chT5 1516"]
[Site "Slovakia"]
[Date "2015.11.14"]
[Round "2.5"]
[White "Hasakova, Maria Alena"]
[Black "Otepka, Peter"]
[Result "1-0"]
[WhiteElo "1000"]
[BlackElo "1000"]
[PlyCount "61"]
[EventDate "2015.10.24"]
[EventType "team-tourn"]
[EventRounds "9"]
[EventCountry "SVK"]
[SourceTitle "CBM 170 Extra"]
[Source "ChessBase"]
[SourceDate "2016.02.25"]
[SourceVersion "1"]
[SourceVersionDate "2016.02.25"]
[SourceQuality "1"]
[WhiteTeam "Sastin Straze"]
[BlackTeam "Senica Intechess"]
[WhiteTeamCountry "SVK"]
[BlackTeamCountry "SVK"]

1. e4 e5 2. d3 Nf6 3. Nc3 Nc6 4. Bg5 Bb4 5. a3 Bxc3+ 6. bxc3 d6 7. Nf3 Bg4 8. Be2 Qd7 9. Bxf6 gxf6 10. h3 0-0-0 11. 0-0 Bxf3 12. Bxf3 Rhg8 13. Bg4 Rxg4 14. hxg4 h5 15. f3 hxg4 16. fxg4 Rh8 17. Qf3 Na5 18. Rab1 Qc6 19. Qxf6 Rh7 20. Qf5+ Kb8 21. Qxh7 Qd7 22. Rxf7 Qc8 23. Qg7 Nc6 24. Rf8 Nd8 25. Qg8 b6 26. Rxd8 Qxd8 27. Qxd8+ Kb7 28. c4 Ka6 29. Qxc7 d5 30. cxd5 Ka5 31. Qxa7# 1-0